| Tag |
First Indicator |
Second Indicator |
Subfields |
| LEADER |
00000cgm a2200000 i 4500 |
| 001 |
in00005568356 |
| 006 |
m o c |
| 007 |
cr |n||||||||a |
| 007 |
vz |za|z| |
| 008 |
171018s2014 ilu004 e o vueng d |
| 005 |
20241201231757.7 |
| 035 |
|
|
|a (OCoLC)on1009113799
|
| 040 |
|
|
|a ALSTP
|b eng
|e rda
|e pn
|c ALSTP
|d OCLCO
|d OCLCF
|d OCLCQ
|d UPM
|d SOI
|d SPI
|d IAY
|d IAA
|d ICA
|d ICD
|d IDJ
|d IAV
|d ICI
|d IAT
|d CAUOI
|d WYU
|d S9I
|d UHL
|d OCLCA
|d OCLCQ
|d OCLCO
|d OCLCL
|d DXU
|d OCLCQ
|
| 019 |
|
|
|a 1112918650
|a 1373509431
|a 1443963928
|
| 035 |
|
|
|a (OCoLC)1009113799
|z (OCoLC)1112918650
|z (OCoLC)1373509431
|z (OCoLC)1443963928
|
| 043 |
|
|
|a n-us---
|
| 049 |
|
|
|a TXAM
|
| 245 |
0 |
0 |
|a Reaching teens.
|p Strength-based communication strategies to build resilience and support healthy adolescent development.
|n 64.4,
|p Helping foster care youth overcome labels. Chaffee. /
|c [produced by] American Academy of Pediatrics.
|
| 264 |
|
1 |
|a Elk Grove Village, IL :
|b American Academy of Pediatrics,
|c 2014.
|
| 300 |
|
|
|a 1 online resource (4 min.)
|
| 306 |
|
|
|a 000418
|
| 336 |
|
|
|a two-dimensional moving image
|b tdi
|2 rdacontent
|
| 337 |
|
|
|a computer
|b c
|2 rdamedia
|
| 337 |
|
|
|a video
|b v
|2 rdamedia
|
| 338 |
|
|
|a online resource
|b cr
|2 rdacarrier
|
| 347 |
|
|
|a data file
|2 rda
|
| 380 |
|
|
|a Videorecording
|
| 490 |
0 |
|
|a Academic Video Online
|
| 500 |
|
|
|a Title from resource description page (viewed October 18, 2017).
|
| 511 |
0 |
|
|a Speaker: Tonya Chaffee.
|
| 520 |
|
|
|a This video, from the "Reaching Teens: Strength-Based Communication Strategies to Build Resilience and Support Healthy Adolescent Development" series produced by the American Academy of Pediatrics, features Tonya Chaffee discussing mental health and helping foster care youth overcome labels.
|
| 546 |
|
|
|a In English.
|
| 650 |
|
0 |
|a Youth development
|z United States.
|
| 650 |
|
0 |
|a Foster children
|x Services for
|z United States.
|
| 650 |
|
0 |
|a Identity (Psychology) in youth.
|
| 650 |
|
6 |
|a Jeunesse
|x Développement
|z États-Unis.
|
| 650 |
|
6 |
|a Identité chez les jeunes.
|
| 650 |
|
7 |
|a Foster children
|x Services for.
|2 fast
|0 (OCoLC)fst00933194
|
| 650 |
|
7 |
|a Identity (Psychology) in youth.
|2 fast
|0 (OCoLC)fst00966913
|
| 650 |
|
7 |
|a Youth development.
|2 fast
|0 (OCoLC)fst01183602
|
| 651 |
|
7 |
|a United States.
|2 fast
|0 (OCoLC)fst01204155
|1 https://id.oclc.org/worldcat/entity/E39PBJtxgQXMWqmjMjjwXRHgrq
|
| 655 |
|
7 |
|a Film excerpts.
|2 fast
|0 (OCoLC)fst01726130
|
| 655 |
|
7 |
|a Instructional films.
|2 fast
|0 (OCoLC)fst01726236
|
| 655 |
|
7 |
|a Instructional films.
|2 lcgft
|
| 655 |
|
7 |
|a Film excerpts.
|2 lcgft
|
| 655 |
|
7 |
|a Films de formation.
|2 rvmgf
|
| 710 |
2 |
|
|a American Academy of Pediatrics,
|e production company.
|
| 856 |
4 |
0 |
|u http://proxy.library.tamu.edu/login?url=https://www.aspresolver.com/aspresolver.asp?MARC;3276593
|z Connect to this streaming video (Alexander Street Press)
|t 0
|
| 955 |
|
|
|a Alexander Street Press subscription streaming video
|
| 994 |
|
|
|a 92
|b TXA
|
| 999 |
f |
f |
|s 44d8de6c-a0b1-4348-b160-4588bad54a10
|i e16b9523-e52e-4be3-aaa2-bb7a222957ea
|t 0
|
| 952 |
f |
f |
|a Texas A&M University
|b College Station
|c Electronic Resources
|d Available Online
|t 0
|h Library of Congress classification
|
| 998 |
f |
f |
|t 0
|l Available Online
|